Future complete the song title - Statistics

General Stats
  • This quiz has been taken 14 times
  • The average score is 29 of 39
Answer Stats
Hint Answer % Correct
Mixtape Pluto (2024) Aye say {gang}
100%
DS2 (2015) Fuck up some {commas}
100%
We don't trust you (2024) {Ice} attack
100%
High Off Life (2020) Life is {good}
100%
Evol (2016) Low {life}
100%
DS2 (2015) Stick {talk}
100%
Mixtape Pluto (2024) Teflon {don}
100%
DS2 (2015) Thought it was a {drought}
100%
We don't trust you (2024) Type {shit}
100%
I Never Liked You (2022) {712}PM
90%
We don't trust you (2024) Everyday {hustle}
90%
We Still Don't Trust You (2024) Nights like {this}
90%
We don't trust you (2024) {Young} Metro
90%
Pluto x Baby Pluto (2020) {Drankin} n Smokin
80%
WRLD ON DRUGS (2018) Fine {china}
80%
Evol (2016) {Fly} shit only
80%
We Still Don't Trust You (2024) Mile {high} memories
80%
We Still Don't Trust You (2024) Streets made me a {king}
80%
The Wizrd (2019) Talk shit like a {preacher}
80%
High Off Life (2020) Trapped in the {sun}
80%
Pluto x Baby Pluto (2020) {Baby} Sasuke
70%
DS2 (2015) {Blood} on the money
70%
Mixtape Pluto (2024) Pluto{ski}
70%
I Never Liked You (2022) The {Way} things going
70%
I Never Liked You (2022) Wait {for} {U}
70%
We don't trust you (2024) Where my {twin} @
70%
Evol (2016) {Xanny} Family
70%
The Wizrd (2019) Jumpin on a {jet}
60%
Hndrxx (2017) {New} Illuminati
60%
The Wizrd (2019) Servin {killa} {kam}
60%
Mixtape Pluto (2024) {Surfing} a Tsunami
60%
We Still Don't Trust You (2024) Always be my {fault}
50%
We Still Don't Trust You (2024) Out of my {hands}
50%
Hndrxx (2017) Turn on {me}
50%
Hndrxx (2017) You da {baddest}
50%
High Off Life (2020) {100} shooters
40%
Pluto x Baby Pluto (2020) I don't wanna {break} {up}
40%
WRLD ON DRUGS (2018) {Red} Bentley
40%
I Never Liked You (2022) Just the {beginning}
20%
No matching quizzes found
Score Distribution
Percent of People with Each Score
Percentile by Number Answered
Your Score History
You have not taken this quiz